<?xml version="1.0" encoding="UTF-8"?>
<record
    xmlns:xsi="http://www.w3.org/2001/XMLSchema-instance"
    xsi:schemaLocation="http://www.loc.gov/MARC21/slim http://www.loc.gov/standards/marcxml/schema/MARC21slim.xsd"
    xmlns="http://www.loc.gov/MARC21/slim">

  <leader>00743nam a22002177a 4500</leader>
  <controlfield tag="005">20240913123051.0</controlfield>
  <controlfield tag="008">221215b           ||||| |||| 00| 0 eng d</controlfield>
  <datafield tag="020" ind1=" " ind2=" ">
    <subfield code="a">9788195680726</subfield>
  </datafield>
  <datafield tag="040" ind1=" " ind2=" ">
    <subfield code="c">AL</subfield>
  </datafield>
  <datafield tag="041" ind1=" " ind2=" ">
    <subfield code="a">Konkani</subfield>
  </datafield>
  <datafield tag="082" ind1=" " ind2=" ">
    <subfield code="2">23</subfield>
    <subfield code="a">891.468</subfield>
    <subfield code="b">MIRK</subfield>
  </datafield>
  <datafield tag="100" ind1=" " ind2=" ">
    <subfield code="a">Moli Miranda &#xCAE;&#xCCA;&#xCB2;&#xCBF; &#xCAE;&#xCBF;&#xCB0;&#xCBE;&#xC82;&#xCA6; </subfield>
    <subfield code="9">179110</subfield>
  </datafield>
  <datafield tag="245" ind1=" " ind2=" ">
    <subfield code="a">Kontrelantlem : B M Rohini atmakatha  </subfield>
    <subfield code="b">&#xC95;&#xC82;&#xCA4;&#xCCD;&#xCB0;&#xCC6;&#xCB2;&#xCBE;&#xC82;&#xCA4;&#xCCD;&#xCB2;&#xCC6;&#xC82;: &#xCAC;&#xCBF; &#xC8E;&#xC82; &#xCB0;&#xCCB;&#xCB9;&#xCBF;&#xCA3;&#xCBF;  &#xC86;&#xCA4;&#xCCD;&#xCAE;&#xCCD; &#xC95;&#xCA4;&#xCBE; </subfield>
  </datafield>
  <datafield tag="260" ind1=" " ind2=" ">
    <subfield code="a">Mangaluru</subfield>
    <subfield code="b">St Aloysius Prakashana</subfield>
    <subfield code="c">2022</subfield>
  </datafield>
  <datafield tag="300" ind1=" " ind2=" ">
    <subfield code="a">332 p.</subfield>
    <subfield code="b">PB</subfield>
    <subfield code="c">21x13 cm.</subfield>
  </datafield>
  <datafield tag="365" ind1=" " ind2=" ">
    <subfield code="c">&#x20B9;</subfield>
    <subfield code="d">&#x20B9;350.00</subfield>
  </datafield>
  <datafield tag="650" ind1=" " ind2=" ">
    <subfield code="a">Biography </subfield>
    <subfield code="9">66076</subfield>
  </datafield>
  <datafield tag="650" ind1=" " ind2=" ">
    <subfield code="a">Nagandigeyolagininda</subfield>
    <subfield code="9">179111</subfield>
  </datafield>
  <datafield tag="700" ind1=" " ind2=" ">
    <subfield code="a">MIRANDA (Moli)</subfield>
    <subfield code="9">66077</subfield>
  </datafield>
  <datafield tag="942" ind1=" " ind2=" ">
    <subfield code="2">ddc</subfield>
    <subfield code="c">DB</subfield>
  </datafield>
  <datafield tag="999" ind1=" " ind2=" ">
    <subfield code="c">225762</subfield>
    <subfield code="d">225762</subfield>
  </datafield>
  <datafield tag="952" ind1=" " ind2=" ">
    <subfield code="0">0</subfield>
    <subfield code="1">0</subfield>
    <subfield code="2">ddc</subfield>
    <subfield code="4">0</subfield>
    <subfield code="7">0</subfield>
    <subfield code="8">KON</subfield>
    <subfield code="a">AL</subfield>
    <subfield code="b">AL</subfield>
    <subfield code="d">2022-12-14</subfield>
    <subfield code="l">0</subfield>
    <subfield code="o">891.468 MIRK</subfield>
    <subfield code="p">D04855</subfield>
    <subfield code="r">2022-12-15 00:00:00</subfield>
    <subfield code="w">2022-12-15</subfield>
    <subfield code="y">DB</subfield>
    <subfield code="z">Donated by St Aloysius Prakashana</subfield>
  </datafield>
  <datafield tag="952" ind1=" " ind2=" ">
    <subfield code="0">0</subfield>
    <subfield code="1">0</subfield>
    <subfield code="2">ddc</subfield>
    <subfield code="4">0</subfield>
    <subfield code="7">0</subfield>
    <subfield code="8">KON</subfield>
    <subfield code="a">AL</subfield>
    <subfield code="b">AL</subfield>
    <subfield code="d">2022-12-14</subfield>
    <subfield code="l">0</subfield>
    <subfield code="o">891.468 MIRK</subfield>
    <subfield code="p">D04856</subfield>
    <subfield code="r">2022-12-15 00:00:00</subfield>
    <subfield code="w">2022-12-15</subfield>
    <subfield code="y">DB</subfield>
    <subfield code="z">Donated by St Aloysius Prakashana</subfield>
  </datafield>
  <datafield tag="952" ind1=" " ind2=" ">
    <subfield code="0">0</subfield>
    <subfield code="1">0</subfield>
    <subfield code="2">ddc</subfield>
    <subfield code="4">0</subfield>
    <subfield code="7">0</subfield>
    <subfield code="8">KON</subfield>
    <subfield code="a">AL</subfield>
    <subfield code="b">AL</subfield>
    <subfield code="d">2022-12-14</subfield>
    <subfield code="l">0</subfield>
    <subfield code="o">891.468 MIRK</subfield>
    <subfield code="p">D04857</subfield>
    <subfield code="r">2022-12-15 00:00:00</subfield>
    <subfield code="w">2022-12-15</subfield>
    <subfield code="y">DB</subfield>
    <subfield code="z">Donated by St Aloysius Prakashana</subfield>
  </datafield>
  <datafield tag="952" ind1=" " ind2=" ">
    <subfield code="0">0</subfield>
    <subfield code="1">0</subfield>
    <subfield code="2">ddc</subfield>
    <subfield code="4">0</subfield>
    <subfield code="7">0</subfield>
    <subfield code="8">KON</subfield>
    <subfield code="a">AL</subfield>
    <subfield code="b">AL</subfield>
    <subfield code="d">2022-12-14</subfield>
    <subfield code="l">0</subfield>
    <subfield code="o">891.468 MIRK</subfield>
    <subfield code="p">D04858</subfield>
    <subfield code="r">2022-12-15 00:00:00</subfield>
    <subfield code="w">2022-12-15</subfield>
    <subfield code="y">DB</subfield>
    <subfield code="z">Donated by St Aloysius Prakashana</subfield>
  </datafield>
  <datafield tag="952" ind1=" " ind2=" ">
    <subfield code="0">0</subfield>
    <subfield code="1">0</subfield>
    <subfield code="2">ddc</subfield>
    <subfield code="4">0</subfield>
    <subfield code="7">0</subfield>
    <subfield code="8">KON</subfield>
    <subfield code="a">AL</subfield>
    <subfield code="b">AL</subfield>
    <subfield code="d">2022-12-14</subfield>
    <subfield code="l">0</subfield>
    <subfield code="o">891.468 MIRK</subfield>
    <subfield code="p">D04859</subfield>
    <subfield code="r">2022-12-15 00:00:00</subfield>
    <subfield code="w">2022-12-15</subfield>
    <subfield code="y">DB</subfield>
    <subfield code="z">Donated by St Aloysius Prakashana</subfield>
  </datafield>
</record>
